Character to Actor 2 - Statistics

General Stats
  • This quiz has been taken 19 times
  • The average score is 12 of 50
Answer Stats
Hint Answer % Correct
Aurora Lane (Passengers) Jennifer Lawrence
75%
Alex Munday (Charlie's Angels) Lucy Liu
63%
Daphne Kluger (Ocean's 8) Anne Hathaway
38%
Richie DiMaso (American Hustle) Bradley Cooper
38%
Chad Feldheimer (Burn After Reading) Brad Pitt
38%
Caine Wise (Jupiter Ascending) Channing Tatum
38%
Linnet Ridgeway (Death On The Nile) Gal Gadot
38%
Frank Walker (Tomorrowland: A World Beyond) George Clooney
38%
Jane Adler (It's Complicated) Meryl Streep
38%
Johnny Storm (Fantastic Four) Michael B Jordan
38%
Maxwell Lord (Wonder Woman 1984) Pedro Pascal
38%
Susie Salmon (The Lovely Bones) Saoirse Ronan
38%
Blake Gaines (San Andreas) Alexandra Daddario
25%
Sylvia Weis (In Time) Amanda Seyfried
25%
Gwen Conliffe (The Wolfman) Emily Blunt
25%
Katherine Newbury (Late Night) Emma Thompson
25%
Sandy Patterson (Identity Thief) Jason Bateman
25%
Cory Lambert (Wind River) Jeremy Renner
25%
Duke Caboom (Toy Story 4) Keanu Reeves
25%
Jimmy Callahan (The Wedding Ringer) Kevin Hart
25%
Jane Clayton (The Legend Of Tarzan) Margot Robbie
25%
David Norris (The Adjustment Bureau) Matt Damon
25%
Rachel Jansen (Forgetting Sarah Marshall) Mila Kunis
25%
Sarah Sawyer (Skyscraper) Neve Campbell
25%
Dr Marta Shearing (The Bourne Legacy) Rachel Weisz
25%
Carl Van Loon (Limitless) Robert De Niro
25%
DeeAnna Moran (Hail, Caesar!) Scarlett Johansson
25%
Stacee Jaxx (Rock Of Ages) Tom Cruise
25%
James Conrad (Kong: Skull Island) Tom Hiddleston
25%
Ford Brody (Godzilla) Aaron Taylor-Johnson
13%
Eloise McGarry (Table 19) Anna Kendrick
13%
Ivan Block (Runner Runner) Ben Affleck
13%
Amy Phillips (The Gambler) Brie Larson
13%
Melvin Purvis (Public Enemies) Christian Bale
13%
Vladislav Dukhovich (The Hitman's Bodyguard) Gary Oldman
13%
Jocinda Fowler (Moonfall) Halle Berry
13%
Rachel Singer (The Debt) Helen Mirren
13%
Gordon Jennings (Takers) Idris Elba
13%
Pete Koslow (The Informer) Joel Kinnaman
13%
Irina Vlaslov (Triple 9) Kate Winslet
13%
Jan Hall (Everest) Keira Knightley
13%
Nels Coxman (Cold Pursuit) Liam Neeson
13%
Ashley Albright (Just My Luck) Lindsay Lohan
13%
Connie Edwards (The Happytime Murders) Melissa McCarthy
13%
Bertha Minnix (Lawless) Mia Wasikowska
13%
Danny Moore (Gran Turismo) Orlando Bloom
13%
Nick Fowler (The 355) Sebastian Stan
13%
Ronny Valentine (The Dilemma) Vince Vaughn
13%
Jason Kelly (Dirty Grandpa) Zac Efron
13%
Alma Moore (The Happening) Zooey Deschanel
13%
No matching quizzes found
Score Distribution
Percent of People with Each Score
Percentile by Number Answered
Your Score History
You have not taken this quiz